PYRAMIDS WERE BUILT (Record no. 4236)
[ view plain ]
| 000 -LEADER | |
|---|---|
| fixed length control field | 00295nam a22001097a 4500 |
| 008 - FIXED-LENGTH DATA ELEMENTS--GENERAL INFORMATION | |
| fixed length control field | 250128b ||||| |||| 00| 0 eng d |
| 020 ## - INTERNATIONAL STANDARD BOOK NUMBER | |
| International Standard Book Number | 9780753440582 |
| 082 ## - DEWEY DECIMAL CLASSIFICATION NUMBER | |
| Classification number | 932 STE |
| 100 ## - MAIN ENTRY--PERSONAL NAME | |
| Personal name | STEELE,PHILIP |
| Relator term | PHILIP STEELE |
| 245 ## - TITLE STATEMENT | |
| Title | PYRAMIDS WERE BUILT |
| 942 ## - ADDED ENTRY ELEMENTS (KOHA) | |
| Source of classification or shelving scheme | |
| Classification part | 932 STE |
| Withdrawn status | Lost status | Source of classification or shelving scheme | Damaged status | Not for loan | Collection code | Permanent Location | Current Location | Shelving location | Date acquired | Total Checkouts | Full call number | Barcode | Date last seen | Date last checked out | Price effective from | Koha item type | Public note |
|---|---|---|---|---|---|---|---|---|---|---|---|---|---|---|---|---|---|
| Non-Fiction | KH8 Primary School Library | KH8 Primary School Library | Non Fiction | 2025-01-28 | 7 | 932 STE | KHPL000005064 | 2026-02-10 | 2026-02-10 | 2025-01-28 | Books - Non Ficton | KH8 PRIMARY |